Prevención del lavado de activos y la financiación del terrorismo. Resolución 31/2012 de la Unidad de Información Financiera

Guardado en:
Detalles Bibliográficos
Autor principal: Solvens, José
Formato: Desconocido
Aporte de:Registro referencial: Solicitar el recurso aquí
LEADER 00388 a2200109 4500
001 ART_7385
005 20260410161623.0
008 260409a
245 1 0 |a Prevención del lavado de activos y la financiación del terrorismo. Resolución 31/2012 de la Unidad de Información Financiera 
100 1 |a Solvens, José 
773 0 |t Enfoques  |g - Nº 4 (abr. 2012)  |w REV416 
999 |c 11778  |d 11778